header

Modern machine learning techniques and their applications in cartoon animation research (Record no. 13792)

MARC details
000 -LEADER
fixed length control field 01468nam a2200373 a 4500
082 04 - DEWEY DECIMAL CLASSIFICATION NUMBER
Classification number 006.6/96
100 1# - MAIN ENTRY--AUTHOR NAME
Personal name Yu, Jun.
245 10 - TITLE STATEMENT
Title Modern machine learning techniques and their applications in cartoon animation research
250 ## - EDITION STATEMENT
Edition statement 1st ed.
260 ## - PUBLICATION, DISTRIBUTION, ETC. (IMPRINT)
Place of publication Piscataway, N.J. :
Name of publisher IEEE Press/Wiley,
Year of publication 2013.
300 ## - PHYSICAL DESCRIPTION
Number of Pages xii, 196 p. :
Other physical details ill. (some col.).
490 1# - SERIES STATEMENT
Series statement IEEE Press series on systems science and engineering
650 #0 - SUBJECT ADDED ENTRY--TOPICAL TERM
Topical Term Machine learning.
Topical Term Computer animation.
700 1# - ADDED ENTRY--PERSONAL NAME
Personal name Tao, Dacheng,
856 40 - ELECTRONIC LOCATION AND ACCESS
Uniform Resource Identifier http://site.ebrary.com/lib/rucke/Doc?id=10682379

No items available.

© 2026 Rongo University
Contact us: librarian | system librarian | Rongo university